000 00591nam a2200181 i 4500
001 61615
003 ES-MaACL
005 20230906164514.0
007 t|
008 031113s1979 sp ||||1| cat d
100 1 _aFàbregas, Xavier.
_948556
245 1 0 _aTradicions, mites i creences dels catalans
_b: la pervivencia de la Catalunya ancestral /
_cXavier Fábregas ; fotografíes de Jordi Gumí.
250 _a[1ª ed.].
260 _aBarcelona :
_bEdicions 62,
_c[1979]
300 _a278 p. :
_bil. ;
_c30 cm.
700 1 _aGumí, Jordi.
_960946
852 _aES-MaACL
_jA-10519
_bR.99833
999 _c61615
_d61615